000 00509cam a2200193 4500
001 D1873
008 090401t1978 xxu||||| |||| 00| 0 eng d
035 _a(Sirsi) u66310
041 _aeng
050 _a690.25
110 _aBuilding Research Establishment Building Research Series
_91713
245 _aBuilding failure
260 _aLancaster
_bConstruction Press
_c1978
300 _a185p. 30cm
350 _a13.5
490 _aBRE Building Research Series
_vvol 5
942 _n0
948 _c04/03/1997
999 _c94845
_d94845